| 000 | 00633nam a22001697a 4500 | ||
|---|---|---|---|
| 003 | AM-YeHGA | ||
| 040 | _aAM-YeHGA | ||
| 090 | _c452758 | ||
| 005 | 20250617160301.0 | ||
| 008 | 200826s ||||| |||| 00| 0 rus d | ||
| 041 | 0 | _arus | |
| 245 | 0 | 0 | _aИнформационный отчет о деятельности Татарского филиала Географического общества СССР. 1947-1959 гг. |
| 260 |
_aКазань : _bИзд-во Казан. ун-та, _c1960. |
||
| 300 | _a27 с. | ||
| 653 | 0 | _aГеографические общества - Татар. АССР | |
| 942 |
_2udc _cBK |
||
| 999 |
_c449834 _d449834 |
||